000 00878nam a2200181Ia 4500
008 100920s9999 xx 000 0 und d
082 _b58201
_a891.43 थ 90
100 _aसिंधु वीरेन्द्र.
245 _aभारतीय क्रान्ति के अग्रदूत अमर शहीद भगतसिंह.
260 _bसूचना और प्रसारण मन्त्रालय, भारत सरकार.
_c1990
300 _a58
_bसाधी
365 _b14
520 _aहिंदी.
630 _aभारतीय क्रान्ति के अग्रदूत अमर शहीद भगतसिंह.
650 _aहिंदी.
730 _aभारतीय क्रान्ति के अग्रदूत अमर शहीद भगतसिंह.
942 _cBOOK
999 _c701929
_d701926